[Event "CZE-chT2B 1819"]
[Site "Czech Republic"]
[Date "2019.01.13"]
[Round "6.4"]
[White "Vales, Vaclav"]
[Black "Pribyl, Martin"]
[Result "1/2-1/2"]
[WhiteElo "2154"]
[BlackElo "2306"]
[PlyCount "34"]
[EventDate "2018.10.14"]
[EventType "team-tourn"]
[EventRounds "11"]
[EventCountry "CZE"]
[SourceTitle "EXT 2022"]
[Source "ChessBase"]
[SourceDate "2021.10.06"]
[SourceVersion "1"]
[SourceVersionDate "2021.10.06"]
[SourceQuality "1"]
[WhiteTeam "Decin"]
[BlackTeam "Praha Dopravni podnik II"]
[WhiteTeamCountry "CZE"]
[BlackTeamCountry "CZE"]

1. d4 Nf6 2. c4 g6 3. Nc3 d5 4. Nf3 Bg7 5. Qa4+ Bd7 6. Qb3 dxc4 7. Qxc4 0-0 8. e4 Bg4 9. Be3 Nfd7 10. Rd1 Nc6 11. Be2 Nb6 12. Qc5 Qd6 13. d5 Ne5 14. Nb5 Qf6 15. Nbd4 Nxf3+ 16. gxf3 Bh5 17. h4 Qd6 1/2-1/2

[Event "Prague Menchik Memorial rapid"]
[Site "Prague"]
[Date "2018.06.10"]
[Round "1"]
[White "Groh, Jiri"]
[Black "Pribyl, Martin"]
[Result "1/2-1/2"]
[WhiteElo "2097"]
[BlackElo "2306"]
[PlyCount "73"]
[EventDate "2018.06.10"]
[EventType "swiss (rapid)"]
[EventRounds "9"]
[EventCountry "CZE"]
[SourceTitle "CBM 184 Extra"]
[Source "ChessBase"]
[SourceDate "2018.06.28"]
[SourceVersion "1"]
[SourceVersionDate "2018.06.28"]
[SourceQuality "1"]

1. c4 e5 2. Nc3 d6 3. g3 f5 4. Bg2 Nf6 5. d3 Be7 6. e4 0-0 7. Nge2 Nc6 8. 0-0 Be6 9. Nd5 Qd7 10. Nec3 fxe4 11. Nxe7+ Nxe7 12. Nxe4 Nxe4 13. Bxe4 c6 14. Bg5 Bg4 15. f3 Bh3 16. Re1 Nf5 17. Bxf5 Rxf5 18. Be3 Raf8 19. f4 exf4 20. Bxf4 Rxf4 21. gxf4 Rxf4 22. Re4 Rf1+ 23. Qxf1 Bxf1 24. Rxf1 h6 25. Rfe1 Qh3 26. R1e3 Qh5 27. Re2 Qg5+ 28. Kf1 Qc1+ 29. Kg2 Qb1 30. Rd4 Qd1 31. Rf2 Qh5 32. Rxd6 Qg4+ 33. Kh1 Qd1+ 34. Kg2 Qg4+ 35. Kh1 Qd1+ 36. Kg2 Qg4+ 37. Kh1 1/2-1/2

[Event "Prague Menchik Memorial rapid"]
[Site "Prague"]
[Date "2018.06.10"]
[Round "8"]
[White "Pribyl, Martin"]
[Black "Groh, Jiri"]
[Result "0-1"]
[WhiteElo "2306"]
[BlackElo "2097"]
[PlyCount "83"]
[EventDate "2018.06.10"]
[EventType "swiss (rapid)"]
[EventRounds "9"]
[EventCountry "CZE"]
[SourceTitle "CBM 184 Extra"]
[Source "ChessBase"]
[SourceDate "2018.06.28"]
[SourceVersion "1"]
[SourceVersionDate "2018.06.28"]
[SourceQuality "1"]

1. Nf3 c5 2. c4 Nf6 3. b3 d5 4. cxd5 Nxd5 5. Bb2 Nc6 6. g3 f6 7. Bg2 e5 8. 0-0 Be7 9. Nc3 Be6 10. Rc1 0-0 11. Ne4 b6 12. d3 Rc8 13. a3 Qd7 14. Re1 Rfd8 15. Nfd2 f5 16. Nc3 Bf6 17. Nc4 e4 18. dxe4 Nxc3 19. Qxd7 Nxe2+ 20. Rxe2 Rxd7 21. Bxf6 Bxc4 22. bxc4 gxf6 23. exf5 Nd4 24. Ree1 Kg7 25. g4 h5 26. h3 hxg4 27. hxg4 Rcd8 28. Rc3 a5 29. Kh2 a4 30. Kg3 Nb3 31. Bd5 b5 32. Rce3 b4 33. Re7+ Rxe7 34. Rxe7+ Kf8 35. Rf7+ Ke8 36. axb4 cxb4 37. Rxf6 a3 38. Ra6 Nc5 39. Ra7 b3 40. f6 Rxd5 41. cxd5 b2 42. Ra8+ 0-1

[Event "Prague Menchik Memorial rapid"]
[Site "Prague"]
[Date "2018.06.10"]
[Round "9"]
[White "Zvacek, Antonin"]
[Black "Pribyl, Martin"]
[Result "1/2-1/2"]
[WhiteElo "1900"]
[BlackElo "2306"]
[PlyCount "67"]
[EventDate "2018.06.10"]
[EventType "swiss (rapid)"]
[EventRounds "9"]
[EventCountry "CZE"]
[SourceTitle "CBM 184 Extra"]
[Source "ChessBase"]
[SourceDate "2018.06.28"]
[SourceVersion "1"]
[SourceVersionDate "2018.06.28"]
[SourceQuality "1"]

1. e4 c5 2. Nc3 d6 3. g3 Nc6 4. Bg2 g6 5. d3 Bg7 6. Be3 Nf6 7. Qd2 Nd4 8. Nd1 Ng4 9. c3 Nxe3 10. Nxe3 Nc6 11. f4 0-0 12. Ne2 e6 13. h4 h5 14. Nc2 Bd7 15. 0-0 b5 16. d4 cxd4 17. cxd4 Qb6 18. Kh2 Rac8 19. Rac1 Ne7 20. Ne3 Rxc1 21. Rxc1 Rc8 22. Rxc8+ Bxc8 23. b3 Bb7 24. Nc2 a5 25. b4 a4 26. Qd3 Qc6 27. Qc3 Qd7 28. Qd3 Nc8 29. Na3 Na7 30. Nc3 Nc6 31. Nc2 Na7 32. Na3 Nc6 33. Nc2 Na7 34. Na3 1/2-1/2

[Event "CZE-chT1W 1718"]
[Site "Czech Republic"]
[Date "2017.12.10"]
[Round "4.3"]
[White "Forman, Stepan"]
[Black "Pribyl, Martin"]
[Result "1/2-1/2"]
[WhiteElo "2264"]
[BlackElo "2326"]
[PlyCount "86"]
[EventDate "2017.10.29"]
[EventType "team-tourn"]
[EventRounds "11"]
[EventCountry "CZE"]
[SourceTitle "EXT 2019"]
[Source "ChessBase"]
[SourceDate "2018.10.10"]
[SourceVersion "1"]
[SourceVersionDate "2018.10.10"]
[SourceQuality "1"]
[WhiteTeam "Neratovice"]
[BlackTeam "Praha DP Tarok"]
[WhiteTeamCountry "CZE"]
[BlackTeamCountry "CZE"]

1. d4 d6 2. g3 e5 3. Bg2 exd4 4. Qxd4 Nc6 5. Qd1 g6 6. Nf3 Bg7 7. c3 Nf6 8. Nd4 Ne5 9. f4 Ned7 10. e4 0-0 11. 0-0 Re8 12. Qc2 Nc5 13. Nd2 a5 14. b3 Ng4 15. Re1 f5 16. Bb2 fxe4 17. Nxe4 Nxe4 18. Bxe4 c6 19. c4 Bd7 20. Rad1 Qb6 21. Kg2 a4 22. h3 axb3 23. axb3 Ra2 24. Kf3 Nf6 25. Qb1 Rxb2 26. Qxb2 Rxe4 27. Rxe4 Nxe4 28. Qc2 Bxd4 29. Qxe4 Qxb3+ 30. Rd3 Qxc4 31. Qxd4 Qxd4 32. Rxd4 d5 33. Ke3 Bxh3 34. Ra4 Bf1 35. Ra8+ Kf7 36. Kd4 Ke6 37. Rb8 Ba6 38. Rh8 h5 39. Rf8 Ke7 40. Rb8 Kf6 41. Rf8+ Ke7 42. Rb8 Ke6 43. Rf8 Bc4 1/2-1/2

[Event "CZE-ch blitz"]
[Site "Prague"]
[Date "2016.12.17"]
[Round "4"]
[White "Pribyl, Martin"]
[Black "Zwardon, Vojtech"]
[Result "0-1"]
[WhiteElo "2333"]
[BlackElo "2411"]
[PlyCount "110"]
[EventDate "2016.12.17"]
[EventType "swiss (blitz)"]
[EventRounds "15"]
[EventCountry "CZE"]
[SourceTitle "CBM 176 Extra"]
[Source "ChessBase"]
[SourceDate "2017.03.02"]
[SourceVersion "1"]
[SourceVersionDate "2017.03.02"]
[SourceQuality "1"]

1. d4 Nf6 2. c4 e5 3. dxe5 Ng4 4. Bf4 g5 5. Bg3 Bg7 6. Nf3 Nc6 7. Nc3 Ngxe5 8. Nxe5 Nxe5 9. e3 h5 10. h4 g4 11. Be2 d6 12. 0-0 Be6 13. Rc1 Ng6 14. c5 d5 15. Nb5 Ne5 16. c6 bxc6 17. Nd4 Bd7 18. Ba6 Rb8 19. Qc2 Rb6 20. Be2 Qe7 21. Nf5 Bxf5 22. Qxf5 Qe6 23. Qg5 Bf6 24. Qf4 Rxb2 25. Rfe1 0-0 26. a4 Rxe2 27. Rxe2 Nd3 28. Qh6 Nxc1 29. Rc2 Nd3 30. Qxh5 Rb8 31. Bxc7 Rb1+ 32. Kh2 Be5+ 33. Bxe5 Qxe5+ 34. Qxe5 Nxe5 35. Kg3 Ra1 36. Kf4 Nc4 37. Kxg4 Rxa4 38. Kf5 Kg7 39. g4 Ra3 40. h5 Rxe3 41. Ra2 Re5+ 42. Kf4 Re7 43. g5 Re4+ 44. Kf3 Re5 45. Kf4 Re4+ 46. Kf3 Re7 47. Ra6 d4 48. Kf4 Ne5 49. Ke4 d3 50. Ke3 Rd7 51. Ra4 d2 52. Ra1 c5 53. Ke2 c4 54. f4 c3 55. Kd1 Ng4 0-1

[Event "CZE-chT1W 1112"]
[Site "Czech Republic"]
[Date "2011.10.30"]
[Round "2.5"]
[White "Pribyl, Martin"]
[Black "Hausner, Ivan"]
[Result "0-1"]
[WhiteElo "2343"]
[BlackElo "2407"]
[PlyCount "116"]
[EventDate "2011.10.02"]
[EventType "team-tourn"]
[EventRounds "11"]
[EventCountry "CZE"]
[SourceTitle "EXT 2012"]
[Source "ChessBase"]
[SourceDate "2011.11.24"]
[SourceVersion "1"]
[SourceVersionDate "2011.11.24"]
[SourceQuality "1"]
[WhiteTeam "Praha Holdia II"]
[BlackTeam "Praha Mahrla"]
[WhiteTeamCountry "CZE"]
[BlackTeamCountry "CZE"]

1. Nf3 g6 2. d4 Nf6 3. c4 Bg7 4. Nc3 d6 5. e4 Bg4 6. Be2 Nfd7 7. Be3 e5 8. dxe5 dxe5 9. Qd5 c6 10. Qd6 Bf8 11. Qd2 Bxf3 12. Bxf3 Bc5 13. 0-0-0 Bxe3 14. Qxe3 Qe7 15. h4 h5 16. g4 hxg4 17. Bxg4 Nf6 18. Bh3 Nbd7 19. f4 exf4 20. Qxf4 Ne5 21. Kb1 Kf8 22. c5 Nh5 23. Qf2 Qf6 24. Qe3 Rd8 25. Rd6 Rxd6 26. cxd6 Qxd6 27. Rd1 Qe7 28. Qxa7 Kg7 29. Qd4 Nf4 30. Bf1 Rxh4 31. Na4 Qf6 32. Nc5 Ne6 33. Nxe6+ Qxe6 34. Bc4 Qe7 35. Rf1 f5 36. Bd3 f4 37. Be2 g5 38. Rc1 Rh8 39. Rc5 Kf6 40. Bg4 Qxc5 41. Qxc5 Rh1+ 42. Kc2 Rc1+ 43. Kxc1 Nd3+ 44. Kc2 Nxc5 45. Bc8 b6 46. b4 Nxe4 47. a4 Nd6 48. Bg4 Ke7 49. Kd3 c5 50. a5 bxa5 51. bxc5 Nf7 52. Kd4 a4 53. Bh5 a3 54. Kc3 Ne5 55. Be2 f3 56. Ba6 g4 57. Kb3 g3 58. Kxa3 g2 0-1

[Event "CZE-chT1W 1011"]
[Site "Czech Republic"]
[Date "2011.01.30"]
[Round "7.5"]
[White "Pribyl, Martin"]
[Black "Vanek, Petr"]
[Result "0-1"]
[WhiteElo "2354"]
[BlackElo "2169"]
[PlyCount "82"]
[EventDate "2010.10.10"]
[EventType "team-tourn"]
[EventRounds "11"]
[EventCountry "CZE"]
[SourceTitle "EXT 2012"]
[Source "ChessBase"]
[SourceDate "2011.11.24"]
[SourceVersion "1"]
[SourceVersionDate "2011.11.24"]
[SourceQuality "1"]
[WhiteTeam "Praha Holdia II"]
[BlackTeam "Praha Vysehrad"]
[WhiteTeamCountry "CZE"]
[BlackTeamCountry "CZE"]

1. Nf3 Nf6 2. g3 d6 3. d4 g6 4. b3 Bg7 5. Bb2 Bg4 6. Bg2 c6 7. Nbd2 Nbd7 8. h3 Bxf3 9. Nxf3 Qc7 10. 0-0 0-0 11. c4 e5 12. Qc2 Rfe8 13. e4 exd4 14. Nxd4 Nc5 15. Rfe1 a5 16. a3 Qb6 17. Bc3 Ne6 18. Rad1 Rad8 19. Nxe6 Rxe6 20. Bd4 Qc7 21. Qb2 Nh5 22. Re3 Rde8 23. Red3 Bxd4 24. Qxd4 Nf6 25. f3 b6 26. h4 d5 27. exd5 cxd5 28. cxd5 Nxd5 29. Qxd5 Qxg3 30. Rf1 Re2 31. f4 Rxg2+ 32. Qxg2 Qxd3 33. Rf3 Re1+ 34. Kh2 Qd1 35. b4 axb4 36. axb4 Qd4 37. b5 Qe4 38. Kg3 Re2 39. Qf1 h5 40. Qc1 Qf5 41. Rf2 Qg4+ 0-1

[Event "Liechtenstein op 28th"]
[Site "Triesen"]
[Date "2010.05.11"]
[Round "5"]
[White "Van Dongen, Rob"]
[Black "Pribyl, Martin"]
[Result "0-1"]
[WhiteElo "1953"]
[BlackElo "2370"]
[PlyCount "66"]
[EventDate "2010.05.07"]
[EventType "swiss"]
[EventRounds "9"]
[EventCountry "LIE"]
[SourceTitle "CBM 136 Extra"]
[Source "ChessBase"]
[SourceDate "2010.07.02"]
[SourceVersion "2"]
[SourceVersionDate "2010.07.15"]
[SourceQuality "1"]

1. d4 Nf6 2. c4 g6 3. Nc3 d5 4. e3 Bg7 5. Nf3 0-0 6. Qb3 dxc4 7. Bxc4 c5 8. dxc5 Nc6 9. Be2 e5 10. 0-0 e4 11. Rd1 Qe7 12. Nd4 Qxc5 13. Nxc6 Qxc6 14. Bd2 Be6 15. Qb5 Rac8 16. Qxc6 Rxc6 17. Rac1 a6 18. b3 Rfc8 19. Nb1 Nd5 20. Bc4 Bb2 21. Bxd5 Bxd5 22. Rxc6 Rxc6 23. Bb4 Rc2 24. h3 Bc6 25. g4 Bf6 26. a4 Rb2 27. Nd2 Kg7 28. Kg2 Bxa4 29. Nxe4 Bc6 30. Kf3 Rxb3 31. Bd6 g5 32. h4 h6 33. h5 Rc3 0-1

[Event "Liechtenstein op 28th"]
[Site "Triesen"]
[Date "2010.05.09"]
[Round "3"]
[White "Goris, Ton"]
[Black "Pribyl, Martin"]
[Result "1-0"]
[WhiteElo "2054"]
[BlackElo "2370"]
[PlyCount "57"]
[EventDate "2010.05.07"]
[EventType "swiss"]
[EventRounds "9"]
[EventCountry "LIE"]
[SourceTitle "CBM 136 Extra"]
[Source "ChessBase"]
[SourceDate "2010.07.02"]
[SourceVersion "2"]
[SourceVersionDate "2010.07.15"]
[SourceQuality "1"]

1. e4 d6 2. d4 Nf6 3. Nc3 g6 4. f4 Bg7 5. Nf3 0-0 6. Bd3 Na6 7. e5 dxe5 8. dxe5 Nd5 9. Nxd5 Qxd5 10. Qe2 Bf5 11. Bxf5 gxf5 12. Be3 Rad8 13. 0-0 c5 14. Rfd1 Qc6 15. c3 Nc7 16. c4 f6 17. Rxd8 Rxd8 18. Rd1 Ne6 19. Rxd8+ Nxd8 20. Qd3 Nf7 21. Qxf5 e6 22. Qd3 fxe5 23. fxe5 Nxe5 24. Qd8+ Kf7 25. Ng5+ Kg6 26. Qg8 Nxc4 27. Qf7+ Kh6 28. Nxe6+ Nxe3 29. Qxg7+ 1-0

[Event "CZE-chT1W 0809"]
[Site "Czech Republic"]
[Date "2009.03.01"]
[Round "9.5"]
[White "Pribyl, Martin"]
[Black "Jarabek, Vratislav"]
[Result "1/2-1/2"]
[WhiteElo "2319"]
[BlackElo "2198"]
[PlyCount "102"]
[EventDate "2008.10.19"]
[EventType "team-tourn"]
[EventRounds "11"]
[EventCountry "CZE"]
[SourceTitle "EXT 2010"]
[Source "ChessBase"]
[SourceDate "2010.11.25"]
[SourceVersion "1"]
[SourceVersionDate "2010.11.25"]
[SourceQuality "1"]
[WhiteTeam "Praha Holdia"]
[BlackTeam "Chrudim"]
[WhiteTeamCountry "CZE"]
[BlackTeamCountry "CZE"]

1. Nf3 d5 2. c4 c6 3. b3 Nf6 4. Bb2 Bf5 5. g3 e6 6. Bg2 h6 7. 0-0 Nbd7 8. d3 Be7 9. Nbd2 0-0 10. Qc2 Rc8 11. e4 Bh7 12. e5 Ne8 13. Qc3 Nc5 14. Ne1 dxc4 15. dxc4 Nd3 16. Nxd3 Qxd3 17. Rfd1 Qxc3 18. Bxc3 Bc2 19. Rdc1 Bf5 20. Ne4 Bxe4 21. Bxe4 f5 22. Bg2 Nc7 23. Rd1 Rfd8 24. Ba5 Rxd1+ 25. Rxd1 Rd8 26. Rxd8+ Bxd8 27. f4 Kf7 28. Kf2 Ke8 29. Ke3 Na6 30. Bxd8 Kxd8 31. Kd4 Kd7 32. a3 Nc7 33. b4 b6 34. Kc3 Ne8 35. Bf3 g6 36. Kd4 Nc7 37. h3 h5 38. Ke3 Ne8 39. Kd3 Nc7 40. Kd4 Ne8 41. a4 Nc7 42. c5 b5 43. axb5 Nxb5+ 44. Kc4 Na3+ 45. Kb3 Nb5 46. Ka4 Nd4 47. Bd1 Kc7 48. Ka5 Kb7 49. h4 Nb5 50. Bb3 Nc7 51. Bc4 a6 1/2-1/2

[Event "CZE-chT1W 0607"]
[Site "Czech Republic"]
[Date "2007.03.04"]
[Round "9.4"]
[White "Sedy, Pavel"]
[Black "Pribyl, Martin"]
[Result "0-1"]
[WhiteElo "2248"]
[BlackElo "2296"]
[PlyCount "82"]
[EventDate "2006.10.29"]
[EventType "team"]
[EventRounds "11"]
[EventCountry "CZE"]
[SourceTitle "EXT 2009"]
[Source "ChessBase"]
[SourceDate "2008.11.26"]
[SourceVersion "1"]
[SourceVersionDate "2008.11.26"]
[SourceQuality "1"]
[WhiteTeam "Vrsovice"]
[BlackTeam "Praha Holdia"]
[WhiteTeamCountry "CZE"]
[BlackTeamCountry "CZE"]

1. e4 d6 2. d4 Nf6 3. Nc3 g6 4. Be3 c6 5. Qd2 b5 6. f3 Bb7 7. Nh3 Nbd7 8. Bd3 e5 9. 0-0 Bg7 10. d5 cxd5 11. Nxb5 Nc5 12. exd5 a6 13. Nc3 Nxd3 14. Qxd3 0-0 15. Nf2 Nh5 16. Ne2 f5 17. c4 Bc8 18. Rad1 Rb8 19. b3 g5 20. Bd2 Nf4 21. Nxf4 gxf4 22. b4 Bd7 23. Qc2 Be8 24. Bc3 Rc8 25. Qb3 Qc7 26. c5 dxc5 27. bxc5 Qxc5 28. Bb4 Qc4 29. Bxf8 Qxb3 30. axb3 Kxf8 31. d6 Rd8 32. Rd2 Kf7 33. Rc1 Bf8 34. Rc7+ Ke6 35. Nh3 Bxd6 36. Ng5+ Kf6 37. Nxh7+ Kg6 38. Nf8+ Kf6 39. Nh7+ Kg6 40. Nf8+ Kf6 41. h4 Bxc7 0-1

[Event "CZE-chT1W 0607"]
[Site "Czech Republic"]
[Date "2007.02.04"]
[Round "7.4"]
[White "Vokoun, Jan"]
[Black "Pribyl, Martin"]
[Result "1/2-1/2"]
[WhiteElo "2222"]
[BlackElo "2296"]
[PlyCount "123"]
[EventDate "2006.10.29"]
[EventType "team"]
[EventRounds "11"]
[EventCountry "CZE"]
[SourceTitle "EXT 2009"]
[Source "ChessBase"]
[SourceDate "2008.11.26"]
[SourceVersion "1"]
[SourceVersionDate "2008.11.26"]
[SourceQuality "1"]
[WhiteTeam "Praha Pankrac"]
[BlackTeam "Praha Holdia"]
[WhiteTeamCountry "CZE"]
[BlackTeamCountry "CZE"]

1. d4 Nf6 2. e3 g6 3. c3 Bg7 4. Nf3 0-0 5. Nbd2 d5 6. b4 a5 7. Bb2 b6 8. Be2 c5 9. dxc5 bxc5 10. b5 Nfd7 11. e4 e6 12. 0-0 a4 13. a3 Qa5 14. exd5 exd5 15. Nb1 Bb7 16. Ra2 c4 17. Nd4 Nc5 18. Bc1 Nb3 19. Be3 Nd7 20. Bf3 Ndc5 21. Re2 Ne4 22. Qc2 Nxd4 23. cxd4 Qxb5 24. Bxe4 dxe4 25. Nc3 Qc6 26. Rb1 f5 27. d5 Qd7 28. Rd2 Rae8 29. Bc5 Rf7 30. Nxa4 f4 31. Qxc4 f3 32. Nb6 Qg4 33. Qf1 Ba6 34. h3 fxg2 35. Qxg2 Qh5 36. Be3 Be2 37. Rxe2 Qxe2 38. d6 Qd3 39. Qf1 Qxd6 40. a4 Rf3 41. a5 Rxe3 42. fxe3 Qg3+ 43. Kh1 Qxe3 44. Nd7 Qd4 45. Rd1 Qa4 46. a6 e3 47. Qe2 Rd8 48. Qd3 Qc6+ 49. Kg1 Ra8 50. Rb1 e2 51. Kf2 Qe6 52. Ke1 Rxa6 53. Nc5 Rd6 54. Rb8+ Kf7 55. Rb7+ Kg8 56. Nxe6 Rxd3 57. Rxg7+ Kh8 58. Re7 Kg8 59. Nf4 Rf3 60. Re4 g5 61. Kxe2 Rxf4 62. Rxf4 1/2-1/2

[Event "Steinitz Memorial-A 1st"]
[Site "Prague"]
[Date "2000.12.29"]
[Round "4"]
[White "Santo Roman, Marc"]
[Black "Pribyl, Martin"]
[Result "1-0"]
[WhiteElo "2418"]
[BlackElo "2331"]
[PlyCount "69"]
[EventDate "2000.12.26"]
[EventType "tourn"]
[EventRounds "9"]
[EventCountry "CZE"]
[EventCategory "8"]
[SourceTitle "CBM 081"]
[Source "ChessBase"]
[SourceDate "2001.03.20"]
[SourceVersion "1"]
[SourceVersionDate "2001.03.20"]
[SourceQuality "1"]

1. e4 d6 2. d4 Nf6 3. Nc3 g6 4. Bg5 Bg7 5. Qd2 h6 6. Bh4 Nbd7 7. f4 c5 8. Nf3 a6 9. 0-0-0 cxd4 10. Qxd4 Qb6 11. Bf2 Qxd4 12. Bxd4 0-0 13. e5 dxe5 14. fxe5 Ng4 15. Re1 f6 16. e6 Nde5 17. Nd5 Nc6 18. Bb6 f5 19. Bc4 Nf6 20. Nxf6+ Bxf6 21. h4 g5 22. hxg5 hxg5 23. Rh5 g4 24. Nh4 Ne5 25. Bd5 a5 26. Bd4 Nd3+ 27. cxd3 Bxd4 28. Rg5+ Bg7 29. Nxf5 Rxf5 30. Rxf5 Ra6 31. Re4 Rd6 32. Rxg4 Rxd5 33. Rxd5 Bxe6 34. Rxg7+ Kxg7 35. Rxa5 1-0

[Event "Steinitz Memorial-A 1st"]
[Site "Prague"]
[Date "2000.12.27"]
[Round "2"]
[White "Pribyl, Josef"]
[Black "Pribyl, Martin"]
[Result "1-0"]
[WhiteElo "2376"]
[BlackElo "2331"]
[PlyCount "91"]
[EventDate "2000.12.26"]
[EventType "tourn"]
[EventRounds "9"]
[EventCountry "CZE"]
[EventCategory "8"]
[SourceTitle "CBM 081"]
[Source "ChessBase"]
[SourceDate "2001.03.20"]
[SourceVersion "1"]
[SourceVersionDate "2001.03.20"]
[SourceQuality "1"]

1. c4 Nf6 2. Nf3 g6 3. Nc3 Bg7 4. g3 0-0 5. Bg2 d6 6. 0-0 e5 7. b4 Nc6 8. b5 Nd4 9. Bb2 Bg4 10. Ne1 c6 11. h3 Be6 12. e3 Nf5 13. bxc6 bxc6 14. Qa4 d5 15. Ba3 Re8 16. Qxc6 Rc8 17. Qa6 dxc4 18. Qxa7 Qxd2 19. Rc1 e4 20. Rc2 Qd8 21. Nxe4 Nxe4 22. Bxe4 Bd5 23. Bxd5 Qxd5 24. Bb4 c3 25. Qa5 Qe4 26. a3 Be5 27. Qb5 Bxg3 28. Rxc3 Be5 29. Rxc8 Rxc8 30. Qe2 h5 31. Nf3 Bg7 32. Rd1 Rc2 33. Rd8+ Kh7 34. Ng5+ Kh6 35. Nxf7+ Kh7 36. Qxh5+ gxh5 37. Ng5+ Kg6 38. Nxe4 Rc1+ 39. Kg2 Nh4+ 40. Kg3 Nf5+ 41. Kf3 Rh1 42. Re8 Kf7 43. Ra8 Rxh3+ 44. Kf4 Bf6 45. Rf8+ Kg7 46. Rxf6 1-0

[Event "Liechtenstein op 18th"]
[Site "Triesen"]
[Date "2000.??.??"]
[Round "5"]
[White "Kohlweyer, Bernd"]
[Black "Pribyl, Martin"]
[Result "1/2-1/2"]
[WhiteElo "2458"]
[BlackElo "2321"]
[PlyCount "125"]
[EventDate "2000.05.27"]
[EventType "swiss"]
[EventRounds "9"]
[EventCountry "LIE"]
[SourceTitle "EXT 2001"]
[Source "ChessBase"]
[SourceDate "2000.11.22"]
[SourceVersion "1"]
[SourceVersionDate "2000.11.22"]
[SourceQuality "1"]

1. Nf3 Nf6 2. c4 g6 3. Nc3 d5 4. cxd5 Nxd5 5. Qa4+ Bd7 6. Qh4 Bc6 7. Qd4 f6 8. e4 Nxc3 9. bxc3 Bh6 10. Bc4 Qd7 11. d3 Bxc1 12. Rxc1 Qxd4 13. cxd4 Bd7 14. Kd2 Nc6 15. d5 Na5 16. Nd4 0-0-0 17. Ke3 Kb8 18. Bb3 c6 19. dxc6 Nxc6 20. Nxc6+ Bxc6 21. f4 Rd6 22. d4 Bd7 23. e5 Rc6 24. Rxc6 bxc6 25. Rc1 Kb7 26. h3 Rc8 27. Rc5 Kb6 28. g4 a5 29. e6 Be8 30. g5 f5 31. h4 Ra8 32. Kd3 a4 33. Bc4 Rd8 34. Kc3 Rd6 35. Re5 Rd8 36. Rc5 Rd6 37. Re5 Rd8 38. a3 Rd6 39. Ba2 Rd8 40. Kc4 Rc8 41. Re1 Ra8 42. Re5 Kc7 43. Kc3 Kd6 44. Bb1 Rc8 45. Ba2 Ra8 46. Bc4 Ra7 47. h5 gxh5 48. Rxf5 h4 49. Re5 Bh5 50. Be2 Bxe2 51. Rxe2 Rb7 52. f5 Rb3+ 53. Kc4 Rg3 54. f6 Rxg5 55. f7 Rf5 56. Kb4 h3 57. Kxa4 h5 58. Kb4 h2 59. Rxh2 Kxe6 60. Rxh5 Rxf7 61. Kc5 Rf3 62. Kxc6 Rc3+ 63. Kb5 1/2-1/2

[Event "Liechtenstein op 18th"]
[Site "Triesen"]
[Date "2000.??.??"]
[Round "6"]
[White "Pribyl, Martin"]
[Black "Kelecevic, Nedeljko"]
[Result "1/2-1/2"]
[WhiteElo "2321"]
[BlackElo "2430"]
[PlyCount "83"]
[EventDate "2000.05.27"]
[EventType "swiss"]
[EventRounds "9"]
[EventCountry "LIE"]
[SourceTitle "EXT 2001"]
[Source "ChessBase"]
[SourceDate "2000.11.22"]
[SourceVersion "1"]
[SourceVersionDate "2000.11.22"]
[SourceQuality "1"]

1. Nf3 Nf6 2. c4 e6 3. g3 d5 4. b3 c5 5. Bg2 Nc6 6. 0-0 Be7 7. Bb2 0-0 8. e3 dxc4 9. bxc4 Qb6 10. Qb3 Na5 11. Qxb6 axb6 12. Rc1 Rd8 13. Ne1 Bd7 14. Na3 Bc6 15. d3 Bxg2 16. Kxg2 Nc6 17. Nac2 Ra4 18. a3 Nd7 19. Rab1 f5 20. f4 h6 21. Nf3 g5 22. Nce1 g4 23. Nd2 Kf7 24. e4 h5 25. h3 Nf6 26. e5 Nd7 27. h4 Ra6 28. Kf2 Nf8 29. Ke3 Ng6 30. Ng2 Nd4 31. Bc3 Rd7 32. Rb2 Bd8 33. Ra1 Nc6 34. Nb3 Ra4 35. Nc1 Bc7 36. Raa2 Rd8 37. Rb3 Rda8 38. Bb2 Nge7 39. Bc3 Na5 40. Rb1 Nac6 41. Rb3 Na5 42. Rb1 1/2-1/2